000 00305nam a22001337a 4500
008 181217b xxu||||| |||| 00| 0 eng d
020 _a0910701350
041 _aeng
080 _a320
100 _a21
101 _aSHP
245 _aThe Politics of Health Legislation
_cFeldstein,P.J
942 _2udc
_cBK
999 _c53198
_d53198